LIBRARY & INFORMATION CENTRE, KCAET, TAVANUR

ONLINE PUBLIC ACCESS CATALOGUE (OPAC)

Experiments in environmental chemistry: A laboratory manual / (Record no. 5555)

MARC details
000 -LEADER
fixed length control field 00476cam a2200181ua 4500
020 ## - INTERNATIONAL STANDARD BOOK NUMBER
ISBN 0-08-024009-7
041 ## - LANGUAGE CODE
Language code of text/sound track or separate title eng
082 ## - DEWEY DECIMAL CLASSIFICATION NUMBER
Classification number 028.72628
Item number VOW/EX
100 ## - MAIN ENTRY--AUTHOR NAME
Personal name Vowles, P D .
245 ## - TITLE STATEMENT
Title Experiments in environmental chemistry: A laboratory manual /
250 ## - EDITION STATEMENT
Edition statement 1 /
260 ## - PUBLICATION, DISTRIBUTION, ETC. (IMPRINT)
Place of publication Oxford :
Name of publisher Pergamon Press ,
Year of publication 1980.
300 ## - PHYSICAL DESCRIPTION
Number of Pages 102 ; .
700 1# - ADDED ENTRY--PERSONAL NAME
Personal name Connell, D W .
942 ## - ADDED ENTRY ELEMENTS (KOHA)
Koha item type Books
Holdings
Withdrawn status Lost status Damaged status Home library Current library Date acquired Full call number Accession Number Koha item type
      KAUAET KAUAET 27/03/1987 028.72628 16275 Reference
free website counter